Basic econometrics

Salvato in:
Dettagli Bibliografici
Autore principale: Gujarati, Damodar N.
Altri autori: Porter, Dawn C.
Natura: Libro
Lingua:inglese
Pubblicazione: New York McGraw-Hill/Irvin 2008, 5th ed.
Edizione:5th international ed.
Soggetti:
Tags: Aggiungi Tag
Nessun Tag, puoi essere il primo ad aggiungerne!!

MARC

LEADER 00000nam a2200000 4500
001 0178373
005 20240226124233.0
020 |a 9780073375779 
020 |a 978-007-127625-2 
041 0 |a eng 
044 |a US 
245 1 0 |a Basic econometrics  |c Damodar N. Gujarati, Dawn C. Porter 
250 |a 5th international ed. 
264 1 |a New York  |b McGraw-Hill/Irvin  |c 2008, 5th ed. 
300 |a xx, 922 s. 
610 2 0 |a ekonometria 
610 2 0 |a modely ekonometrické 
610 2 0 |a modely regresné 
610 2 0 |a modely dynamické 
610 2 0 |a modely lineárne 
610 2 0 |a rady časové 
610 2 0 |a regresia 
100 1 |a Gujarati, Damodar N. 
700 1 |a Porter, Dawn C.